| 000 | 00660nam a2200169Ia 4500 | ||
|---|---|---|---|
| 008 | 090711s9999 xx 000 0 und d | ||
| 082 | _b50935 | ||
| 100 | _aलेले रा. के. | ||
| 245 | _aमराठी वgत्तपत्रांSाा इतिहास | ||
| 260 |
_bकॉन्टिनेन्टल प्रकाशन _c1984 |
||
| 300 | _a1165 | ||
| 600 | _aलेले रा. के. | ||
| 630 | _aमराठी वgत्तपत्रांSाा इतिहास | ||
| 700 | _aलेले रा. के. | ||
| 730 | _aमराठी वgत्तपत्रांSाा इतिहास | ||
| 942 | _cBOOK | ||
| 999 |
_c325340 _d325340 |
||